Présentation (notice n° 1648696)

détails MARC
000 -LEADER
fixed length control field 01473cam a2200157 4500500
005 - DATE AND TIME OF LATEST TRANSACTION
control field 20260208003729.0
041 ## - LANGUAGE CODE
Language code of text/sound track or separate title fre
042 ## - AUTHENTICATION CODE
Authentication code dc
100 10 - MAIN ENTRY--PERSONAL NAME
Personal name Calin, Rodolphe
Relator term author
245 00 - TITLE STATEMENT
Title Présentation
260 ## - PUBLICATION, DISTRIBUTION, ETC.
Date of publication, distribution, etc. 2006.<br/>
500 ## - GENERAL NOTE
General note 55
520 ## - SUMMARY, ETC.
Summary, etc. Abstract — In the Hegel’s philosophy the conflict has not only a social dimension, its sense cannot be reduced to the dialectic of the master and the servant. In fact the conflict works at two levels, the one of the self-consciousness and the one of the history : the tragic conflict between the gods and the mankind, and then between the man and the fate in the Greek tragedy ; the conflict for the recognition as a fight to the life, to the death ; the juridical conflict, and the disappearance of all conflicts in the State which is really political. But the conflict reappears at the historical level inso far as the State remains a State and the war between the States follows from the interplay of passions and violence. In the Hegel’s philosophy the proper site of the conflict is not the political organization, but rather what is infra-political (juridical relations, domination, violence) and historical (the war between States). In Hegel all is conflict except the Idea of the State.
786 0# - DATA SOURCE ENTRY
Note Les Études philosophiques | 78 | 3 | 2006-09-01 | p. 281-282 | 0014-2166
856 41 - ELECTRONIC LOCATION AND ACCESS
Uniform Resource Identifier <a href="https://shs.cairn.info/revue-les-etudes-philosophiques-2006-3-page-281?lang=fr&redirect-ssocas=7080">https://shs.cairn.info/revue-les-etudes-philosophiques-2006-3-page-281?lang=fr&redirect-ssocas=7080</a>

Pas d'exemplaire disponible.

PLUDOC

PLUDOC est la plateforme unique et centralisée de gestion des bibliothèques physiques et numériques de Guinée administré par le CEDUST. Elle est la plus grande base de données de ressources documentaires pour les Étudiants, Enseignants chercheurs et Chercheurs de Guinée.

Adresse

627 919 101/664 919 101

25 boulevard du commerce
Kaloum, Conakry, Guinée

Réseaux sociaux

Powered by Netsen Group @ 2025